| 000 | 00920nam0a22002531 4500 | ||
|---|---|---|---|
| 001 | rc\792217 | ||
| 005 | 20040301143623.1 | ||
| 035 | _a(NLR Aleph) 006317363 | ||
| 090 |
_a7415516 _c7415516 |
||
| 100 | _a20040301d1983 u |0rusy50 ca | ||
| 101 | 0 | _arus | |
| 102 | _aRU | ||
| 105 | _ay ||||||||| | ||
| 200 | 1 |
_aПотребительные свойства, характеристика и направления развития ассортимента бытовой мебели _eЛекция для студентов товаровед. фак. |
|
| 210 |
_aМ. _cМКИ _d1983 |
||
| 215 |
_a31 с. _d21 |
||
| 300 | _aВ надзаг.: Моск. кооп. ин-т | ||
| 320 | _aБиблиогр.: с. 30 (8 назв.) | ||
| 700 | 1 |
_aДудла _bИ. А. _gИраида Александровна |
|
| 801 | 0 |
_aRU _bNLR _gpsbo |
|
| 801 | 1 |
_aRU _bELAR _2rusmarc |
|
| 852 |
_aNLR _j84-6/3507 |
||
| 942 | _cBOOK | ||
| 980 | _aNB | ||